[Event "BEL-ch op"]
[Site "Namur"]
[Date "2006.07.02"]
[Round "2"]
[White "Van Mechelen, Jan"]
[Black "Demanet, Luc"]
[Result "1-0"]
[WhiteElo "2305"]
[BlackElo "1890"]
[PlyCount "59"]
[EventDate "2006.07.01"]
[EventType "swiss"]
[EventRounds "9"]
[EventCountry "BEL"]
[SourceTitle "CBM 113 Extra"]
[Source "ChessBase"]
[SourceDate "2006.09.14"]
[SourceVersion "1"]
[SourceVersionDate "2006.09.14"]
[SourceQuality "1"]

1. d4 d5 2. Bf4 c5 3. e3 Nc6 4. c3 Nf6 5. Bd3 Bg4 6. Nf3 e6 7. Nbd2 cxd4 8. exd4 Bd6 9. Bg3 0-0 10. Qb1 Bh5 11. Ne5 Qc7 12. f4 Bg6 13. 0-0 Ne7 14. Bf2 Nd7 15. Bxg6 fxg6 16. Be3 Nf5 17. Qd3 g5 18. Nxd7 Qxd7 19. fxg5 Rae8 20. Nf3 e5 21. dxe5 Nxe3 22. Qxe3 Qe7 23. Qd3 Bxe5 24. Qxd5+ Qe6 25. Rad1 Bc7 26. Qxe6+ Rxe6 27. Rfe1 Rfe8 28. Rxe6 Rxe6 29. Rd7 Bb6+ 30. Kf1 1-0

[Event "Charleroi op 2nd"]
[Site "Charleroi"]
[Date "2003.08.28"]
[Round "7.14"]
[White "Denayer, Eric"]
[Black "Demanet, Luc"]
[Result "1-0"]
[WhiteElo "2166"]
[BlackElo "1900"]
[PlyCount "31"]
[EventDate "2003.08.23"]
[EventType "swiss"]
[EventRounds "9"]
[EventCountry "BEL"]
[SourceTitle "EXT 2004"]
[Source "ChessBase"]
[SourceDate "2003.11.25"]
[SourceVersion "1"]
[SourceVersionDate "2003.11.25"]
[SourceQuality "1"]

1. d4 d5 2. c4 e5 3. dxe5 Nc6 4. cxd5 Nxe5 5. Nf3 Nxf3+ 6. exf3 Nf6 7. Nc3 Bc5 8. Bc4 Qe7+ 9. Qe2 Qxe2+ 10. Kxe2 0-0 11. Be3 Re8 12. Rad1 Bf5 13. Bd3 Bd7 14. Rhe1 Bb6 15. Bc4 Rad8 16. Kf1 1-0